000 00629nam a22002297a 4500
003 UA-OsUOA
001 95811
007 ta
008 20130311b un ||||| |||| 00| 0 ukr d
100 _aЄфремов С.
090 _a82.09(477)
_bЕ99
942 _cRB
040 _aUA-OsUOA
_bukr
_cUA-OsUOA
_dUA-OsUOA
245 _aКоцюбинський
_bкритично-біографичний нарис
300 _a175 с.
955 _a2
041 _aukr
080 _a82.09(477)
260 _aК.
_bСлово
_c1922
650 7 _a82 Література. Літературознавство
_2UDC
999 _c382052
_d382052